Score 0/46 Timer 07:00
2 Plays Today
Primary Reason(s) Book % Correct
profanity/racial slursTo Kill a Mockingbird
85.2%
sex/'pro-Communism'1984
84.5%
profanity/sexThe Great Gatsby
84.4%
profanity/sex/alcohol The Catcher in the Rye
83.5%
violence/languageThe Lord of the Rings
75.2%
unlistedAnimal Farm
71.5%
profanity/sexThe Grapes of Wrath
69.4%
profanity/racial slursOf Mice and Men
62.9%
profanityCatch-22
59.1%
violence/profanity/racial slursThe Lord of the Flies
56.8%
sex/drugsBrave New World
56.7%
profanity/sex/religious issuesSlaughterhouse-Five
54.9%
unlistedUlysses
54.4%
sexLolita
52.3%
profanity/sex/racial issuesThe Color Purple
48.9%
racial issues/racial slursGone with the Wind
47.8%
unlistedThe Call of the Wild
46%
unlistedHeart of Darkness
42.6%
unlistedThe Jungle
42.6%
sex/violence/profanityIn Cold Blood
40.4%
violence/sex/profanityBeloved
37.8%
sex/violenceOne Flew Over the Cuckoo's Nest
36%
profanityA Clockwork Orange
35.7%
Primary Reason(s) Book % Correct
religious criticismThe Satanic Verses
35.7%
unlisted (declared non-mailable)For Whom the Bell Tolls
32.9%
profanity/violence/sexInvisible Man
30.8%
unlistedThe Sun Also Rises
30.1%
sexA Farewell to Arms
29.7%
profanity/sexTheir Eyes were Watching God
25.5%
unlisted (sex)Lady Chatterley's Lover
21.6%
unlistedCat's Cradle
21.4%
profanity/sexAs I Lay Dying
20%
sexSons and Lovers
20%
sex/profanityRabbit, Run
17.2%
obscenityTropic of Cancer
17.1%
unlistedThe Awakening
17.1%
profanity/obscenityNaked Lunch
16.7%
profanity/sex/violenceNative Son
15.2%
sexBrideshead Revisited
13.4%
unlistedAll the King's Men
13.3%
sex/racial issuesSong of Solomon
12.9%
profanityA Separate Peace
10.2%
profanity/sexGo Tell It on the Mountain
8.7%
sexAn American Tragedy
7.8%
obscenityWomen in Love
7.7%
unlistedThe Naked and the Dead
6.6%

You're not logged in!

Compare scores with friends on all Sporcle quizzes.
OR
Log In

Sporcle TV

Today on Sporcle TV


Watch our educational content, quiz creation guides, and fun videos on Sporcle TV.

Show Comments

Extras

Top Quizzes Today


Score Distribution

Paid Content

Your Account Isn't Verified!

In order to create a playlist on Sporcle, you need to verify the email address you used during registration. Go to your Sporcle Settings to finish the process.

Report this User

Report this user for behavior that violates our Community Guidelines.

Details: